000 01846nam a22003257a 4500
999 _c21845
_d21845
003 AR-CdUCM
008 190425b ||||| |||| 00| 0 spa d
040 _aMUNICIPALIDAD PROVINCIAL DEL CUSCO
_cBIBLIOTECA MUNICIPAL DEL CUSCO
082 _aRev.Andi/N°23/1994
110 _aCentro Bartolomé de Las Casas
_93293
245 _aRevista andina /
_cCentro de estudios rurales andinos Bartolomé de Las Casas Cusco
260 _aCusco :
_bCentro Bartolomé de Las Casas,
_c1994.
300 _a288 páginas. :
_c23 cm.
440 _aPublicación Semestral del Centro Bartolomé de Las Casas Cusco.
_nAño 12, Número 23, N°1, Primer semestre 1994.
_946403
500 _aIdentidad en los Andes
505 _aContenido: De ciudadano a otro resistencia nacional, formación del Estado y visiones campesinas sobre la nación en Junín. Florencia E. Mallon. -- Decencia y cultura política los indigenistas del Cuzco en los años veinte. Marisol de la Cadena. -- La procedencia dialectal del manuscrito de Huarochirí en base a sus características lingüísticas. Willen F. H. Adelaar. -- El banquete aymara, aspectos simbólicos de las mesas rituales aymaras. Gerardo Fernández Juárez. -- La Deuda de Ofrenda un concepto central de la religión andina. Ina Rösing. -- José Carlos Mariátegui y su edad de piedra (1930-1993). Ricardo Portocarrero Grados.
650 _aFormación del Estado
_946404
650 _aIndigenismo
_9208
650 _aAntropología
_9878
650 _aCostumbres
_9230
650 _aJosé Carlos Mariátegui
_946405
700 _aMallon, Florencia
_946406
700 _aDe la Cadena, Marisol
_946243
700 _aAdelaar, Willen
_946407
700 _aFernández Juárez, Gerardo
_940346
700 _aRösing, Ina
_946408
700 _aPortocarrero Grados, Ricardo
_911748
942 _2ddc
_cPP
945 _arac